000 01235namaa22003251i 4500
005 20260412124655.0
008 260308s1994 ua a|||fr|m|| 000 0 eng d
040 _aEG-GICUC
_beng
_cEG-GICUC
_dEG-GICUC
_erda
041 0 _aeng
_beng
_bara
049 _aDeposit
097 _aM.Sc
099 _aCai01.07.01.M.Sc.1994.Mo.S.
100 0 _aMohamed Mohamed Mohamed Atta,
_epreparation.
245 1 0 _aStudies on corn improvement /
_cBy Mohamed Mohamed Mohamed Atta ; Supervised Prof.Dr. M.S Radwan, Dr. A.M.M. El-Naggar
246 1 5 _aدراسات على تحسين الذرة الشامية
264 0 _c1994.
300 _a80 Leaves :
_billustrations ;
_c30 cm. +
336 _2rda content
_atext
337 _2rdamedia
_aUnmediated
338 _2rdacarrier
_avolume
502 _aThesis (M.Sc.)-Cairo University, 1994
504 _aBibliography: pages 71 : 80
653 0 _acorn improvement
700 0 _aM. S. Radwan
_ethesis advisor.
700 0 _aA. H. Saleh
_ethesis advisor.
700 0 _aM. M. F. Abdalla
_ethesis advisor.
900 _DDepartment of Agronomy
_FFaculty of Agriculture
_UCairo University
_b1994
_cM. S. Radwan
_cA. H. Saleh
_cM. M. F. Abdalla
905 _aNagat
_eNourhan
942 _2ddc
_cTH
_e21
_n0
999 _c178929